000 00313nam a2200133 i 4500
001 bg
100 1 _aSKRYSEWSKIJ, A. F.
245 0 _aStrukturnyj analiz żidkostej /
_cA.F. Skrysewskij.
260 _aMoskwa,
_c1971.
040 _cBPK
041 _apol
942 _cKS
008 s pl f |000 0 pol
999 _c9291
_d9291
856 _uhttp://koha.tu.koszalin.pl/cgi-bin/koha/opac-detail.pl?biblionumber=9291
_yKatalog online BPK